000 00462nam a2200157 4500
001 120818
003 ES-MaACL
005 20230906191629.0
007 t|
008 070214s1969 sp r ||||1| spa d
100 1 _aPolo Cordero, José.
_992873
245 1 3 _aEl extremeño santo /
_cpor José Polo Cordero.
260 _aMadrid :
_b[s.n.],
_c1969 (
_fFénix Art. Gráf.)
300 _a194 p., 5 lám. :
_bil. ;
_c20 cm.
852 _aES-MaACL
_jC-50935
_bR.71832
999 _c120818
_d120818